| 000 -LEADER |
| fixed length control field |
00519nam a22001817a 4500 |
| 008 - FIXED-LENGTH DATA ELEMENTS--GENERAL INFORMATION |
| fixed length control field |
131030b xxu||||| |||| 00| 0 ger d |
| 020 ## - INTERNATIONAL STANDARD BOOK NUMBER |
| International Standard Book Number |
9783706544092 |
| 041 0# - LANGUAGE CODE |
| Language code of text/sound track or separate title |
ger |
| 080 ## - UNIVERSAL DECIMAL CLASSIFICATION NUMBER |
| Universal Decimal Classification number |
316.722:004 |
| 100 1# - Rafti |
| Rafti |
Günther, Johann |
| 245 ## - TITLE STATEMENT |
| Title |
Digital natives & digital immigrants / |
| Statement of responsibility, etc |
Johann Günther |
| 260 ## - |
| -- |
Wien : |
| -- |
Studien Verlag ; |
| -- |
2007. |
| 300 ## - |
| -- |
215 f. : |
| -- |
me il. ; |
| -- |
20 cm. |
| 500 ## - |
| -- |
Vorwort : f. 7-8 |
| 505 ## - |
| -- |
Literatur : f. 211-215 |
| 650 #0 - |
| -- |
Teknologjia dhe qytetërimi |
| 942 ## - ADDED ENTRY ELEMENTS (KOHA) |
| Source of classification or shelving scheme |
|
| Item type |
Books |